[Event "Melaka-chA"]
[Site "Melaka"]
[Date "2012.04.26"]
[Round "5"]
[White "Abd Rahman, Syazrin"]
[Black "Camilia, Bt Johari"]
[Result "0-1"]
[WhiteElo "1556"]
[BlackElo "1780"]
[PlyCount "54"]
[EventDate "2012.04.23"]
[EventType "swiss"]
[EventRounds "9"]
[EventCountry "MAS"]
[SourceTitle "CBM 148 Extra"]
[Source "ChessBase"]
[SourceDate "2012.06.22"]
[SourceVersion "1"]
[SourceVersionDate "2012.06.22"]
[SourceQuality "1"]

1. d4 d5 2. c4 c6 3. Nc3 Nf6 4. e3 e6 5. c5 b6 6. b4 a5 7. Ba3 axb4 8. Bxb4 bxc5 9. dxc5 Ba6 10. Nge2 Nbd7 11. Nd4 Bxf1 12. Kxf1 Qc8 13. Nb3 Qa6+ 14. Qe2 Qa7 15. Na5 Rc8 16. e4 Bxc5 17. exd5 Bxb4 18. dxe6 Nb6 19. Nxc6 Rxc6 20. Ne4 Nxe4 21. Qxe4 Qa6+ 22. Kg1 Qc4 23. exf7+ Kxf7 24. Qe3 Re8 25. Qf3+ Kg8 26. h3 Qc3 27. Kh2 Bd6+ 0-1

[Event "Melaka-chA"]
[Site "Melaka"]
[Date "2012.04.25"]
[Round "4"]
[White "Lim, Kian Hwa"]
[Black "Abd Rahman, Syazrin"]
[Result "1-0"]
[WhiteElo "1891"]
[BlackElo "1556"]
[PlyCount "47"]
[EventDate "2012.04.23"]
[EventType "swiss"]
[EventRounds "9"]
[EventCountry "MAS"]
[SourceTitle "CBM 148 Extra"]
[Source "ChessBase"]
[SourceDate "2012.06.22"]
[SourceVersion "1"]
[SourceVersionDate "2012.06.22"]
[SourceQuality "1"]

1. e4 e6 2. d4 Ne7 3. Nf3 Ng6 4. Nc3 Be7 5. Bc4 c6 6. 0-0 d5 7. Bd3 0-0 8. Re1 f5 9. exf5 exf5 10. Ne2 Nh4 11. Nf4 Nxf3+ 12. Qxf3 g5 13. Ne6 Bxe6 14. Rxe6 g4 15. Qf4 Rf7 16. Bxf5 Qf8 17. Qxg4+ Rg7 18. Qh3 Qf7 19. Bh6 Nd7 20. Bxg7 Qxg7 21. Rae1 Bf6 22. R6e3 Kh8 23. Re8+ Rxe8 24. Rxe8+ 1-0

[Event "Melaka-chA"]
[Site "Melaka"]
[Date "2012.04.23"]
[Round "1"]
[White "Hamdani, Rudin"]
[Black "Abd Rahman, Syazrin"]
[Result "1-0"]
[WhiteElo "2322"]
[BlackElo "1556"]
[PlyCount "49"]
[EventDate "2012.04.23"]
[EventType "swiss"]
[EventRounds "9"]
[EventCountry "MAS"]
[SourceTitle "CBM 148 Extra"]
[Source "ChessBase"]
[SourceDate "2012.06.22"]
[SourceVersion "1"]
[SourceVersionDate "2012.06.22"]
[SourceQuality "1"]

1. d4 e6 2. e4 Ne7 3. Nf3 Ng6 4. Bd3 Be7 5. Nc3 Nc6 6. a3 Nh4 7. Nxh4 Bxh4 8. Ne2 d6 9. 0-0 e5 10. Be3 0-0 11. c3 Ne7 12. f4 exf4 13. Nxf4 Ng6 14. Qf3 Bg5 15. Kh1 Bxf4 16. Bxf4 Qh4 17. Bg3 Qg5 18. Rae1 Bg4 19. Qf2 Rae8 20. Kg1 Kh8 21. Bc2 f5 22. exf5 Rxe1 23. Qxe1 Bxf5 24. Bxf5 Rxf5 25. Qe8+ 1-0